| 000 | 00623nam a2200217 a 4500 | ||
|---|---|---|---|
| 008 | |||
| 020 | _a0340759569 (hbk.) | ||
| 049 | _aMAIN | ||
| 090 | _aRB144MAN | ||
| 245 |
_aManagement of chronic lower limb ischemia / _cedited by Joseph L. Mills |
||
| 260 |
_aLondon : _bArnold, _cc2000. |
||
| 300 |
_axii, 143 p. : _bill. ; _c28 cm. |
||
| 500 | _aIncludes index. | ||
| 504 | _aIncludes bibliographical index. | ||
| 700 | _aMills, Joseph L. | ||
| 907 |
_a.b10160371 _b30-01-14 _c21-03-05 |
||
| 003 | |||
| 005 | 20230120203851.0 | ||
| 040 | _cNUST | ||
| 942 |
_cBOOKS _kRB144MAN |
||
| 999 |
_c112881 _d112881 |
||